Подробности
| 000 -МАРКЕР |
| контрольное поле |
07215ncm0a2200793 4500 |
| 001 - ИДЕНТИФИКАТОР ЗАПИСИ |
| контрольное поле |
RU\NLR\ONIZ\198482 |
| 005 - ИДЕНТИФИКАТОР ВЕРСИИ |
| контрольное поле |
20260406144843.0 |
| 010 ## - МЕЖДУНАРОДНЫЙ СТАНДАРТНЫЙ НОМЕР КНИГИ (ISBN) |
| Номер (ISBN) |
5-901112-60-1 |
| 021 ## - НОМЕР ГОСУДАРСТВЕННОЙ РЕГИСТРАЦИИ |
| Код страны |
Российская Федерация |
| Номер |
07-48 |
| Номер Листа государственной регистраци |
07-3 |
| 035 ## - ДРУГИЕ СИСТЕМНЫЕ НОМЕРА |
| Идентификатор записи |
(NLR Aleph) 010889091 |
| 100 ## - ДАННЫЕ ОБЩЕЙ ОБРАБОТКИ |
| Данные общей обработки |
20140708d2005 |||y0rusy50 ca |
| 101 0# - ЯЗЫК РЕСУРСА |
| Язык текста, звукозаписи и т.д. |
русский |
| 102 ## - СТРАНА ПУБЛИКАЦИИ ИЛИ ПРОИЗВОДСТВА |
| Страна публикации |
Российская Федерация |
| 125 ## - ПОЛЕ КОДИРОВАННЫХ ДАННЫХ: ЗВУКОЗАПИСИ И НОТНЫЕ ИЗДАНИЯ |
| Форма изложения нотного текста |
ax |
| 128 ## - ПОЛЕ КОДИРОВАННЫХ ДАННЫХ: МУЗЫКАЛЬНАЯ ФОРМА, ТОНАЛЬНОСТЬ И ЛАД |
| Музыкальная форма |
rmc |
| 145 0# - ПОЛЕ КОДИРОВАННЫХ ДАННЫХ: СРЕДСТВО ИСПОЛНЕНИЯ МУЗЫКАЛЬНОГО ПРОИЗВЕДЕНИЯ (УСТАРЕВШЕЕ) |
| Тип средства исполнения |
c |
| 200 1# - ЗАГЛАВИЕ И СВЕДЕНИЯ ОБ ОТВЕТСТВЕННОСТИ |
| Основное заглавие |
Я сердцем никогда не лгу... |
| Общее обозначение материала |
Ноты |
| Сведения, относящиеся к заглавию |
сб. романсов на стихи С. Есенина |
| -- |
[для голоса и фп.] |
| Первые сведения об ответственности |
В. Хотинов |
| 210 ## - ПУБЛИКАЦИЯ, РАСПРОСТРАНЕНИЕ И ДР. |
| Место издания, распространения и т.д. |
Екатеринбург |
| Имя издателя, распространителя и т. д. |
Филантроп |
| Дата издания, распространения и т.д. |
2005 |
| 215 ## - ФИЗИЧЕСКАЯ ХАРАКТЕРИСТИКА |
| Специфическое обозначение материала и объем |
106 с. |
| Другие сведения о физической характеристике |
портр. |
| Размеры |
29 см |
| 300 ## - ОБЩИЕ ПРИМЕЧАНИЯ |
| Текст примечания |
На обороте тит. л.: Посвящается 110-й годовщине со дня рождения С. Есенина |
| 313 ## - ПРИМЕЧАНИЯ, ОТНОСЯЩИЕСЯ К ТЕМАТИЧЕСКОМУ ДОСТУПУ |
| Текст примечания |
Систематизация документа проведена по изданию - Методика классифицирования музыкальных произведений (нотных изданий) по таблицам Библиотечно-библиографических классификаций : метод. рекомендации / Гос. б-ка СССР им. В.И. Ленина.- М., 1977. Индексу ББК методических рекомендаций присваивается код ББК для научных библиотек - LBC/SL |
| 316 ## - ПРИМЕЧАНИЯ ОБ ОСОБЕННОСТЯХ ЭКЗЕМПЛЯРА |
| Связь между полями |
b11899 |
| Текст примечания |
Экз. с шифром 986/245а с дарств. надписью В. В. Хотинова |
| Организация и экземпляр, к которому относится поле |
NLR |
| 327 1# - ПРИМЕЧАНИЯ О СОДЕРЖАНИИ |
| Текст примечания |
1. Вот уж вечер ; |
| -- |
2. Поёт зима-аукает... ; |
| -- |
3. Хороша была Танюша ; |
| -- |
4. Подражанье песне : "Ты поила коня..." ; |
| -- |
5. Сыплет черемуха снегом ; |
| -- |
6. Край любимый ; |
| -- |
7. Не бродить, не мять в кустах багряных ; |
| -- |
8. Где ты, где ты, отчий дом... ; |
| -- |
9. Песнь о собаке : "Утром в ржаном закуте..." ; |
| -- |
10. Я обманывать себя не стану ; |
| -- |
11. Сыпь, гармоника... ; |
| -- |
12. Пой же, пой ; |
| -- |
13. Заметался пожар голубой ; |
| -- |
14. Пускай ты выпита другим ; |
| -- |
15. Дорогая, сядем рядом ; |
| -- |
16. Мне грустно на тебя смотреть ; |
| -- |
17. Мы теперь уходим понемногу ; |
| -- |
18. Эх вы, сани! ; |
| -- |
19. Ты меня не любишь, не жалеешь ; |
| -- |
20. Гаснут красные листья заката ; |
| -- |
21. Синее небо ; |
| -- |
22. Ветры, ветры... ; |
| -- |
23. Цветы на подоконнике ; |
| -- |
24. Цветы мне говорят ; |
| -- |
25. Кто я? ; |
| -- |
26. Письмо к женщине : "Вы помните, вы все, конечно, помните..." ; |
| -- |
27. Береза : "Белая береза под моим окном..." |
| 464 #0 - АНАЛИТИЧЕСКИЙ УРОВЕНЬ |
| Встроенное поле |
2001#$aВот уж вечер |
| -- |
215##$aС.3-6 |
| Заглавие |
Вот уж вечер |
| 464 #0 - АНАЛИТИЧЕСКИЙ УРОВЕНЬ |
| Встроенное поле |
2001#$aПоёт зима-аукает... |
| -- |
215##$aС.7-11 |
| Заглавие |
Поёт зима-аукает... |
| 464 #0 - АНАЛИТИЧЕСКИЙ УРОВЕНЬ |
| Встроенное поле |
2001#$aХороша была Танюша |
| -- |
215##$aС.12-14 |
| Заглавие |
Хороша была Танюша |
| 464 #0 - АНАЛИТИЧЕСКИЙ УРОВЕНЬ |
| Встроенное поле |
2001#$aПодражанье песне$e"Ты поила коня..." |
| -- |
215##$aС.15-17 |
| Заглавие |
Подражанье песне |
| 464 #0 - АНАЛИТИЧЕСКИЙ УРОВЕНЬ |
| Встроенное поле |
2001#$aСыплет черемуха снегом |
| -- |
215##$aС.18-21 |
| Заглавие |
Сыплет черемуха снегом |
| 464 #0 - АНАЛИТИЧЕСКИЙ УРОВЕНЬ |
| Встроенное поле |
2001#$aКрай любимый |
| -- |
215##$aС.22-25 |
| Заглавие |
Край любимый |
| 464 #0 - АНАЛИТИЧЕСКИЙ УРОВЕНЬ |
| Встроенное поле |
2001#$aНе бродить, не мять в кустах багряных |
| -- |
215##$aС.26-29 |
| Заглавие |
Не бродить, не мять в кустах багряных |
| 464 #0 - АНАЛИТИЧЕСКИЙ УРОВЕНЬ |
| Встроенное поле |
2001#$aГде ты, где ты, отчий дом... |
| -- |
215##$aС.30-33 |
| Заглавие |
Где ты, где ты, отчий дом... |
| 464 #0 - АНАЛИТИЧЕСКИЙ УРОВЕНЬ |
| Встроенное поле |
2001#$aПеснь о собаке$e"Утром в ржаном закуте..." |
| -- |
215##$aС.34-36 |
| Заглавие |
Песнь о собаке |
| 464 #0 - АНАЛИТИЧЕСКИЙ УРОВЕНЬ |
| Встроенное поле |
2001#$aЯ обманывать себя не стану |
| -- |
215##$aС.37-39 |
| Заглавие |
Я обманывать себя не стану |
| 464 #0 - АНАЛИТИЧЕСКИЙ УРОВЕНЬ |
| Встроенное поле |
2001#$aСыпь, гармоника... |
| -- |
215##$aС.40-42 |
| Заглавие |
Сыпь, гармоника... |
| 464 #0 - АНАЛИТИЧЕСКИЙ УРОВЕНЬ |
| Встроенное поле |
2001#$aПой же, пой |
| -- |
215##$aС.43-45 |
| Заглавие |
Пой же, пой |
| 464 #0 - АНАЛИТИЧЕСКИЙ УРОВЕНЬ |
| Встроенное поле |
2001#$aЗаметался пожар голубой |
| -- |
215##$aС.46-50 |
| Заглавие |
Заметался пожар голубой |
| 464 #0 - АНАЛИТИЧЕСКИЙ УРОВЕНЬ |
| Встроенное поле |
2001#$aПускай ты выпита другим |
| -- |
215##$aС.51-55 |
| Заглавие |
Пускай ты выпита другим |
| 464 #0 - АНАЛИТИЧЕСКИЙ УРОВЕНЬ |
| Встроенное поле |
2001#$aДорогая, сядем рядом |
| -- |
215##$aС.56-58 |
| Заглавие |
Дорогая, сядем рядом |
| 464 #0 - АНАЛИТИЧЕСКИЙ УРОВЕНЬ |
| Встроенное поле |
2001#$aМне грустно на тебя смотреть |
| -- |
215##$aС.59-63 |
| Заглавие |
Мне грустно на тебя смотреть |
| 464 #0 - АНАЛИТИЧЕСКИЙ УРОВЕНЬ |
| Встроенное поле |
2001#$aМы теперь уходим понемногу |
| -- |
215##$aС.64-67 |
| Заглавие |
Мы теперь уходим понемногу |
| 464 #0 - АНАЛИТИЧЕСКИЙ УРОВЕНЬ |
| Встроенное поле |
2001#$aЭх вы, сани! |
| -- |
215##$aС.68-71 |
| Заглавие |
Эх вы, сани! |
| 464 #0 - АНАЛИТИЧЕСКИЙ УРОВЕНЬ |
| Встроенное поле |
2001#$aТы меня не любишь, не жалеешь |
| -- |
215##$aС.72-75 |
| Заглавие |
Ты меня не любишь, не жалеешь |
| 464 #0 - АНАЛИТИЧЕСКИЙ УРОВЕНЬ |
| Встроенное поле |
2001#$aГаснут красные листья заката |
| -- |
215##$aС.76-78 |
| Заглавие |
Гаснут красные листья заката |
| 464 #0 - АНАЛИТИЧЕСКИЙ УРОВЕНЬ |
| Встроенное поле |
2001#$aСинее небо |
| -- |
215##$aС.79-82 |
| Заглавие |
Синее небо |
| 464 #0 - АНАЛИТИЧЕСКИЙ УРОВЕНЬ |
| Встроенное поле |
2001#$aВетры, ветры... |
| -- |
215##$aС.83-86 |
| Заглавие |
Ветры, ветры... |
| 464 #0 - АНАЛИТИЧЕСКИЙ УРОВЕНЬ |
| Встроенное поле |
2001#$aЦветы на подоконнике |
| -- |
215##$aС.87-90 |
| Заглавие |
Цветы на подоконнике |
| 464 #0 - АНАЛИТИЧЕСКИЙ УРОВЕНЬ |
| Встроенное поле |
2001#$aЦветы мне говорят |
| -- |
215##$aС.91-96 |
| Заглавие |
Цветы мне говорят |
| 464 #0 - АНАЛИТИЧЕСКИЙ УРОВЕНЬ |
| Встроенное поле |
2001#$aКто я? |
| -- |
215##$aС.97-99 |
| Заглавие |
Кто я? |
| 464 #0 - АНАЛИТИЧЕСКИЙ УРОВЕНЬ |
| Встроенное поле |
2001#$aПисьмо к женщине$e"Вы помните, вы все, конечно, помните..." |
| -- |
215##$aС.100-102 |
| Заглавие |
Письмо к женщине |
| 464 #0 - АНАЛИТИЧЕСКИЙ УРОВЕНЬ |
| Встроенное поле |
2001#$aБереза$e"Белая береза под моим окном..." |
| -- |
215##$aС.103-105 |
| Заглавие |
Береза |
| 606 1# - НАИМЕНОВАНИЕ ТЕМЫ КАК ПРЕДМЕТ |
| Наименование темы |
Романсы на стихи С. Есенина |
| Формальный подзаголовок |
Ноты |
| Код системы |
nlr_sh |
| 608 ## - ФОРМА, ЖАНР, ФИЗИЧЕСКИЕ ХАРАКТЕРИСТИКИ ДОКУМЕНТА КАК ТОЧКА ДОСТУПА |
| Начальный элемент ввода |
Романс (вокальный) |
| Тематический подзаголовок |
Ноты |
| Географический подзаголовок |
Россия |
| Хронологический подзаголовок |
20-21 вв. |
| Код системы |
nlr_sh |
| 686 ## - ИНДЕКСЫ ДРУГИХ КЛАССИФИКАЦИЙ |
| Индекс |
Щ943.4-42-043.3(2Р)я44 |
| Издание |
LBC/SL |
| Код системы |
|
| 700 #1 - ИМЯ ЛИЦА - ПЕРВИЧНАЯ ОТВЕТСТВЕННОСТЬ |
| Системный номер авторитетной/нормативной записи |
z01790 |
| Начальный элемент ввода |
Хотинов |
| Часть имени, кроме начального элемента ввода |
В. В. |
| Даты |
1943- |
| Расширение инициалов личного имени |
Виктор Викторович |
| Код отношения |
Композитор |
| Графика поля |
Кириллица |
| 702 #1 - ИМЯ ЛИЦА - ВТОРИЧНАЯ ОТВЕТСТВЕННОСТЬ |
| Код отношения |
Лирик |
| Материалы, к которым относится поле |
rus |
| Графика поля |
Кириллица |
| Начальный элемент ввода |
Есенин |
| Часть имени, кроме начального элемента ввода |
С. А. |
| Даты |
1895-1925 |
| Расширение инициалов личного имени |
Сергей Александрович |
| Идентификатор авторитетной/нормативной записи |
RU\NLR\AUTH\774376 |
| Системный номер авторитетной/нормативной записи |
114357 |
| 790 #1 - ИМЯ ЛИЦА - АЛЬТЕРНАТИВНАЯ ФОРМА |
| Системный номер авторитетной/нормативной записи |
z01700 |
| Начальный элемент ввода |
Chotinov |
| Часть имени, кроме начального элемента ввода |
V. V. |
| Расширение инициалов личного имени |
Viktor Viktorovič |
| Код отношения |
Композитор |
| Графика поля |
Латинская |
| 790 #1 - ИМЯ ЛИЦА - АЛЬТЕРНАТИВНАЯ ФОРМА |
| Код отношения |
Лирик |
| Материалы, к которым относится поле |
rus |
| Графика поля |
Кириллица |
| Начальный элемент ввода |
Esenin |
| Часть имени, кроме начального элемента ввода |
S. A. |
| Даты |
1895-1925 |
| Расширение инициалов личного имени |
Sergej Aleksandrovič |
| Идентификатор авторитетной/нормативной записи |
RU\NLR\AUTH\7717292 |
| Системный номер авторитетной/нормативной записи |
381 |
| 801 #0 - ИСТОЧНИК ЗАПИСИ |
| Страна |
Российская Федерация |
| Организация |
NLR |
| Дата составления |
20140708 |
| Правила каталогизации |
PSBO |
| 801 #1 - ИСТОЧНИК ЗАПИСИ |
| Страна |
Российская Федерация |
| Организация |
NLR |
| Дата составления |
20140708 |
| Источник данных |
rusmarc |
| 801 #2 - ИСТОЧНИК ЗАПИСИ |
| Страна |
Российская Федерация |
| Организация |
NLR |
| Дата составления |
20190630 |
| 852 ## - МЕСТОНАХОЖДЕНИЕ И ШИФР ХРАНЕНИЯ |
| -- |
b11316 |
| Идентификатор организации |
NLR |
| Наименование фонда или коллекции (Sub-Location Identifier) |
М |
| Шифр хранения (Call Number) |
986/245 |
| Страна |
|
| Номер экземпляра |
1 |
| 852 ## - МЕСТОНАХОЖДЕНИЕ И ШИФР ХРАНЕНИЯ |
| Идентификатор организации |
NLR |
| Наименование фонда или коллекции (Sub-Location Identifier) |
М |
| Шифр хранения (Call Number) |
986/245а |
| Страна |
|
| Номер экземпляра |
2 |
| 852 ## - МЕСТОНАХОЖДЕНИЕ И ШИФР ХРАНЕНИЯ |
| Идентификатор организации |
NLR |
| Наименование фонда или коллекции (Sub-Location Identifier) |
М |
| Шифр хранения (Call Number) |
К-3/24903 |
| Страна |
|
| Номер экземпляра |
3 |
| 852 ## - МЕСТОНАХОЖДЕНИЕ И ШИФР ХРАНЕНИЯ |
| Идентификатор организации |
NLR |
| Наименование фонда или коллекции (Sub-Location Identifier) |
М |
| Шифр хранения (Call Number) |
К-3/24903а |
| Страна |
|
| Номер экземпляра |
4 |
| 942 ## - ДОПОЛНИТЕЛЬНЫЕ ЭЛЕМЕНТЫ ЗАПИСИ (АБИС) |
| Тип экземпляра АБИС |
Ноты |
| 980 ## - КОЛЛЕКЦИЯ |
| Название коллекции |
Национальная библиография |
| 980 ## - КОЛЛЕКЦИЯ |
| Название коллекции |
Отдел нот и звукозаписей |